[Event "DEM U14 2004"]
[Site "Willingen GER"]
[Date "2004.06.01"]
[Round "4"]
[White "Laqua, Stefan"]
[Black "Wall, Henrik"]
[Result "0-1"]
[Termination "normal"]
[Board "14"]
[WhiteElo "1241"]
[BlackElo "1712"]
[PlyCount "90"]
[WhiteFideId "4674634"]
[BlackFideId "24614033"]
[EventCountry "GER"]
[EventRounds "9"]
[EventType "swiss"]
[EventDate "2004.05.29"]

1. e4 e5 2. Nf3 Nc6 3. d4 exd4 4. Nxd4 Qh4 5. Nc3 Bb4 6. Be2 Qxe4 7. Ndb5 Bxc3+
8. bxc3 Kd8 9. O-O Nf6 10. Be3 Re8 11. Bd3 Qe6 12. Qc1 a6 13. Qa3 Rb8 14. Na7
Nxa7 15. Bxa7 Ra8 16. Be3 Qe7 17. Qxe7+ Kxe7 18. Bg5 h6 19. Rfe1+ Kf8 20. Bxf6
Rxe1+ 21. Rxe1 gxf6 22. Re3 d6 23. Rf3 Ke7 24. Re3+ Be6 25. f4 Kf8 26. a3 f5
27. Rh3 Kg7 28. Rh5 Kg6 29. g4 Re8 30. Kf2 b5 31. h4 f6 32. Bxf5+ Bxf5 33. Rxf5
Re4 34. Kf3 Rc4 35. h5+ Kg7 36. Rd5 Rxc3+ 37. Ke4 Rxc2 38. Kf5 Rc5 39. Rxc5
dxc5 40. Ke4 c4 41. Kd4 c5+ 42. Ke3 f5 43. gxf5 Kf6 44. a4 Kxf5 45. axb5 axb5
0-1

[Event "DEM U14 2004"]
[Site "Willingen GER"]
[Date "2004.06.01"]
[Round "5"]
[White "Müller, Reinhold"]
[Black "Savchenko, Aleksij"]
[Result "0-1"]
[Termination "normal"]
[Board "1"]
[WhiteElo "2035"]
[BlackElo "1844"]
[PlyCount "54"]
[WhiteFideId "24605875"]
[BlackFideId "24611727"]
[EventCountry "GER"]
[EventRounds "9"]
[EventType "swiss"]
[EventDate "2004.05.29"]

1. d4 d5 2. c4 e6 3. Nf3 c5 4. cxd5 exd5 5. Nc3 Nc6 6. e3 Nf6 7. Be2 c4 8. O-O
Bb4 9. Bd2 O-O 10. b3 Bxc3 11. Bxc3 b5 12. Bb2 Ne4 13. bxc4 bxc4 14. Ba3 Re8
15. Nd2 Nc3 16. Qe1 Bf5 17. Bf3 Nxd4 18. Nxc4 Nxf3+ 19. gxf3 Bh3 20. Kh1 Bxf1
21. Nd6 Be2 22. Qxc3 Bxf3+ 23. Kg1 Qg5+ 24. Kf1 Qg2+ 25. Ke1 Qg1+ 26. Kd2 Qxf2+
27. Kc1 Rxe3 0-1

[Event "DEM U14 2004"]
[Site "Willingen GER"]
[Date "2004.06.01"]
[Round "5"]
[White "Tereick, Benjamin"]
[Black "Seyb, Alexander"]
[Result "1-0"]
[Termination "normal"]
[Board "2"]
[WhiteElo "2090"]
[BlackElo "1973"]
[PlyCount "69"]
[WhiteFideId "24607541"]
[BlackFideId "4699033"]
[EventCountry "GER"]
[EventRounds "9"]
[EventType "swiss"]
[EventDate "2004.05.29"]

1. c4 g6 2. e4 Bg7 3. d4 d6 4. Nc3 e5 5. Nge2 exd4 6. Nxd4 Nc6 7. Be3 Nge7 8.
h4 h5 9. Qd2 Be6 10. Nxe6 fxe6 11. O-O-O b6 12. Kb1 Qd7 13. f4 O-O-O 14. g3 Ng8
15. c5 bxc5 16. Ba6+ Kb8 17. Bxc5 Nf6 18. Qc2 Na5 19. Bb5 Qc8 20. Bb4 Nb7 21.
Bc6 Nd7 22. Nb5 Ndc5 23. e5 Bf8 24. Bxc5 Nxc5 25. b4 Qa6 26. Nd4 Qb6 27. Bb5
Nb7 28. a4 c5 29. Nc6+ Ka8 30. Nxd8 Nxd8 31. exd6 Bxd6 32. bxc5 Bxc5 33. Qe4+
Nb7 34. Ka2 Rb8 35. Rb1 1-0

[Event "DEM U14 2004"]
[Site "Willingen GER"]
[Date "2004.06.01"]
[Round "5"]
[White "Lubbe, Nikolas"]
[Black "Alsheimer, Christoph"]
[Result "1-0"]
[Termination "normal"]
[Board "3"]
[WhiteElo "2109"]
[BlackElo "2057"]
[PlyCount "91"]
[WhiteFideId "4694031"]
[BlackFideId "24605433"]
[EventCountry "GER"]
[EventRounds "9"]
[EventType "swiss"]
[EventDate "2004.05.29"]

1. e4 d5 2. exd5 Qxd5 3. Nc3 Qa5 4. d4 Nf6 5. Bc4 Bg4 6. f3 Bh5 7. g4 Bg6 8. h4
h6 9. Nge2 Nc6 10. Bd2 O-O-O 11. h5 Bh7 12. Nb5 Qb6 13. a4 a5 14. Bxf7 e5 15.
c3 e4 16. Bf4 Bd6 17. Bxd6 cxd6 18. f4 Kb8 19. d5 Nxg4 20. dxc6 Qf2+ 21. Kd2
bxc6 22. Nbd4 Qe3+ 23. Kc2 Nf2 24. Qc1 Qd3+ 25. Kb3 Rd7 26. Nxc6+ Ka8 27. Be6
Rb7+ 28. Ka3 Qxe2 29. Nd4 Qa6 30. Bd5 Nxh1 31. Qxh1 Qb6 32. Bxb7+ Qxb7 33. Qg1
Rb8 34. Nb5 Bg8 35. Qd4 Rd8 36. Rg1 Qf7 37. c4 Rd7 38. Qxe4+ Kb8 39. Rd1 Rd8
40. b3 Qxh5 41. Qe7 Qc5+ 42. Ka2 Qb6 43. Qxg7 d5 44. Qe5+ Kb7 45. Qe7+ Kc8 46.
c5 1-0

[Event "DEM U14 2004"]
[Site "Willingen GER"]
[Date "2004.06.01"]
[Round "5"]
[White "Völbel, Patrick"]
[Black "Geske, Julian"]
[Result "0-1"]
[Termination "normal"]
[Board "4"]
[WhiteElo "1867"]
[BlackElo "1940"]
[PlyCount "56"]
[WhiteFideId "24622583"]
[BlackFideId "24605263"]
[EventCountry "GER"]
[EventRounds "9"]
[EventType "swiss"]
[EventDate "2004.05.29"]

1. d4 Nf6 2. c4 g6 3. Nc3 Bg7 4. e4 d6 5. Be2 O-O 6. Bg5 Na6 7. Qd2 e5 8. d5
Qe8 9. f3 Nh5 10. g4 Nf4 11. O-O-O f5 12. h3 Nc5 13. Rh2 h6 14. Bh4 Bd7 15. Bg3
a6 16. b4 Na4 17. Bd3 Nxc3 18. Qxc3 a5 19. b5 c6 20. Bxf4 exf4 21. Qb3 cxb5 22.
cxb5 a4 23. Qb4 Rc8+ 24. Rc2 fxe4 25. fxe4 f3 26. Rf1 f2 27. Ne2 Qe5 28. Kd2 h5
0-1

[Event "DEM U14 2004"]
[Site "Willingen GER"]
[Date "2004.06.01"]
[Round "5"]
[White "Wapenhans, Alexander"]
[Black "Beck, Frederik"]
[Result "0-1"]
[Termination "normal"]
[Board "5"]
[WhiteElo "1655"]
[BlackElo "2095"]
[PlyCount "68"]
[WhiteFideId "24622630"]
[BlackFideId "4687388"]
[EventCountry "GER"]
[EventRounds "9"]
[EventType "swiss"]
[EventDate "2004.05.29"]

1. Nf3 Nf6 2. g3 g6 3. Bg2 Bg7 4. O-O O-O 5. d3 d6 6. e4 c6 7. h3 Nbd7 8. Be3
Qc7 9. Nbd2 e5 10. c3 b6 11. d4 Ba6 12. Re1 Rfe8 13. Qc2 Rac8 14. Nb3 c5 15.
dxc5 dxc5 16. Nfd2 c4 17. Nc1 Red8 18. Ne2 Nc5 19. Bxc5 Qxc5 20. Rad1 Rd6 21.
Nf1 Rcd8 22. Rxd6 Rxd6 23. Rd1 Bh6 24. Ne3 Bxe3 25. Rxd6 Bxf2+ 26. Kf1 Qxd6 27.
Kxf2 Bb7 28. Qa4 Qc5+ 29. Ke1 b5 30. Qd1 Bxe4 31. Qd8+ Kg7 32. Bxe4 Nxe4 33.
Qb8 Qf2+ 34. Kd1 Qf1+ 0-1

[Event "DEM U14 2004"]
[Site "Willingen GER"]
[Date "2004.06.01"]
[Round "5"]
[White "Baldauf, Marco"]
[Black "Poetsch, Hagen"]
[Result "1-0"]
[Termination "normal"]
[Board "6"]
[WhiteElo "2185"]
[BlackElo "1783"]
[PlyCount "129"]
[WhiteFideId "4688210"]
[BlackFideId "24615137"]
[EventCountry "GER"]
[EventRounds "9"]
[EventType "swiss"]
[EventDate "2004.05.29"]

1. e4 e6 2. d4 d5 3. Nd2 Nf6 4. e5 Nfd7 5. Bd3 c5 6. c3 Nc6 7. Ndf3 cxd4 8.
cxd4 f6 9. exf6 Nxf6 10. Nh3 Bd6 11. O-O O-O 12. Re1 Qc7 13. Nhg5 Re8 14. Qc2
h6 15. Nh7 Nxh7 16. Bxh7+ Kh8 17. Qg6 Rf8 18. Ng5 Rf6 19. Qh5 Nxd4 20. Be3 Nf5
21. Bf4 Bd7 22. Bxf5 Be8 23. Nxe6 Bxh5 24. Nxc7 Bxc7 25. Bxc7 Rxf5 26. f3 Rc8
27. Rac1 Rf7 28. Be5 Rxc1 29. Rxc1 Re7 30. Bd4 a6 31. Kf2 Kg8 32. Rc5 Rd7 33.
Ke3 Kf7 34. Be5 Ke6 35. Kd4 Bg6 36. b4 Bb1 37. a3 Ba2 38. f4 Bc4 39. g4 g6 40.
Rc8 Rh7 41. Rf8 g5 42. f5+ Kd7 43. Rb8 Kc6 44. Rc8+ Kb6 45. f6 Bb5 46. Kxd5
Bc6+ 47. Rxc6+ bxc6+ 48. Ke6 Kb5 49. f7 Rxf7 50. Kxf7 Ka4 51. Kg6 Kxa3 52. Bd6
Ka4 53. Kxh6 a5 54. bxa5 Kxa5 55. Kxg5 Kb5 56. h4 c5 57. Bxc5 Kxc5 58. h5 Kd6
59. h6 Ke7 60. h7 Kf8 61. h8=Q+ Kf7 62. Qf6+ Kg8 63. Qe7 Kh8 64. Kg6 Kg8 65.
Qe8# 1-0

[Event "DEM U14 2004"]
[Site "Willingen GER"]
[Date "2004.06.01"]
[Round "5"]
[White "Zehnter, Sebastian"]
[Black "Dinger, Florian"]
[Result "1/2-1/2"]
[Termination "normal"]
[Board "7"]
[WhiteElo "1987"]
[BlackElo "2070"]
[PlyCount "55"]
[WhiteFideId "24608670"]
[BlackFideId "24605573"]
[EventCountry "GER"]
[EventRounds "9"]
[EventType "swiss"]
[EventDate "2004.05.29"]

1. e4 c5 2. Nf3 Nc6 3. Bb5 g6 4. Bxc6 bxc6 5. O-O Nf6 6. Nc3 Bg7 7. d3 O-O 8.
Be3 d6 9. h3 Rb8 10. Qc1 Ne8 11. Rb1 e5 12. Ne1 f5 13. f4 Nc7 14. fxe5 Bxe5 15.
Nf3 Bxc3 16. bxc3 Rxb1 17. Qxb1 fxe4 18. dxe4 Ne6 19. Qc1 Qe7 20. Bh6 Re8 21.
Qe3 Nd8 22. Re1 Nf7 23. Bf4 Be6 24. e5 Bxa2 25. exd6 Qxe3+ 26. Rxe3 Rxe3 27.
Bxe3 Nxd6 28. Bxc5 1/2-1/2

[Event "DEM U14 2004"]
[Site "Willingen GER"]
[Date "2004.06.01"]
[Round "5"]
[White "Paul, Johannes"]
[Black "Grünwald, Eduard"]
[Result "1-0"]
[Termination "normal"]
[Board "8"]
[WhiteElo "1713"]
[BlackElo "1989"]
[PlyCount "85"]
[WhiteFideId "24622087"]
[BlackFideId "4696280"]
[EventCountry "GER"]
[EventRounds "9"]
[EventType "swiss"]
[EventDate "2004.05.29"]

1. c4 e5 2. Nc3 Nf6 3. g3 d5 4. cxd5 Nxd5 5. Bg2 Be6 6. Nf3 Nc6 7. O-O Bc5 8.
d3 f6 9. Qb3 Nce7 10. Qb5+ Qd7 11. Qxc5 Nb6 12. Bd2 h5 13. h4 Nc6 14. Rac1
O-O-O 15. b4 Bf5 16. a4 e4 17. dxe4 Bg4 18. Rfd1 Bxf3 19. Bxf3 Qh3 20. b5 Nd7
21. Qf5 Qxf5 22. exf5 Nd4 23. Nd5 Ne5 24. Ne7+ Kb8 25. Kg2 Nb3 26. Rc2 Rd7 27.
Rb2 Rhd8 28. Rxb3 Rxe7 29. Bb4 Rxd1 30. Bxe7 Rd4 31. Rb4 Rd7 32. Bc5 b6 33. Be3
Kc8 34. Rd4 Re7 35. Bxh5 Nd7 36. Bf3 Nc5 37. Rc4 Nd7 38. Re4 Rxe4 39. Bxe4 Ne5
40. Bd4 Nc4 41. g4 Nd6 42. Bd3 a6 43. g5 1-0

[Event "DEM U14 2004"]
[Site "Willingen GER"]
[Date "2004.06.01"]
[Round "5"]
[White "Müller, Jan-Hendrik"]
[Black "Rudolf, Sebastian"]
[Result "0-1"]
[Termination "normal"]
[Board "9"]
[WhiteElo "1831"]
[BlackElo "1926"]
[PlyCount "104"]
[WhiteFideId "24615048"]
[BlackFideId "24609390"]
[EventCountry "GER"]
[EventRounds "9"]
[EventType "swiss"]
[EventDate "2004.05.29"]

1. e4 c5 2. Nf3 Nc6 3. d4 cxd4 4. Nxd4 Nf6 5. Nc3 e5 6. Ndb5 d6 7. Nd5 Nxd5 8.
exd5 Nb8 9. c4 Be7 10. Be2 O-O 11. O-O a6 12. Na3 f5 13. f4 Nd7 14. Nc2 g5 15.
fxg5 Bxg5 16. Bxg5 Qxg5 17. Rf3 f4 18. Qd2 h6 19. Kh1 Nf6 20. Raf1 Bg4 21. Rb3
Ne4 22. Qe1 Bxe2 23. Qxe2 Ng3+ 24. hxg3 fxg3 25. Kg1 Qh4 26. Rxf8+ Rxf8 27.
Rxg3+ Qxg3 28. Ne3 Rf4 29. Nf1 Qg6 30. b3 Qb1 31. g3 Qg6 32. Kh2 Rf5 33. Kg2
Rg5 34. Qf2 Qe4+ 35. Qf3 Qxf3+ 36. Kxf3 Rf5+ 37. Ke2 b5 38. cxb5 axb5 39. Nd2
Kf7 40. a4 bxa4 41. bxa4 e4 42. Nxe4 Rxd5 43. Ke3 Ke6 44. Nc3 Ra5 45. Ke4 d5+
46. Kd4 h5 47. Ne2 Rxa4+ 48. Ke3 Ke5 49. Nf4 Rxf4 50. gxf4+ Kf5 51. Kd4 h4 52.
Kxd5 h3 0-1

[Event "DEM U14 2004"]
[Site "Willingen GER"]
[Date "2004.06.01"]
[Round "5"]
[White "Lange, Jan-David"]
[Black "Bogner, Sebastian"]
[Result "1/2-1/2"]
[Termination "normal"]
[Board "10"]
[WhiteElo "1794"]
[BlackElo "2093"]
[PlyCount "98"]
[WhiteFideId "24614963"]
[BlackFideId "4692055"]
[EventCountry "GER"]
[EventRounds "9"]
[EventType "swiss"]
[EventDate "2004.05.29"]

1. e4 c5 2. Nf3 d6 3. d4 cxd4 4. Nxd4 Nf6 5. Nc3 a6 6. Be2 e5 7. Nb3 Be7 8. O-O
b6 9. f4 Bb7 10. Bf3 Nbd7 11. Kh1 Rc8 12. Qe2 Qc7 13. a4 Qc4 14. Qf2 Nxe4 15.
Bxe4 Bxe4 16. Nd2 Qc6 17. Ndxe4 O-O 18. fxe5 dxe5 19. Rd1 f5 20. Nd5 Bd8 21.
Nec3 Nc5 22. Qe2 Bf6 23. Nxf6+ Qxf6 24. Nd5 Qe6 25. Bg5 Rf7 26. Be3 Ne4 27.
Nxb6 Rb8 28. a5 f4 29. Bf2 Ng5 30. Rg1 e4 31. Ra3 Re8 32. Nc4 Qc6 33. Bh4 Nh3
34. Rd1 f3 35. Qf1 fxg2+ 36. Qxg2 Nf4 37. Ne5 Rxe5 38. Rd8+ Re8 39. Rxe8+ Qxe8
40. Qd2 e3 41. Rxe3 Qc6+ 42. Kg1 h6 43. c3 g5 44. Be1 g4 45. h4 Qf6 46. Bg3 Ng6
47. Qe1 Nf4 48. Bxf4 Qxf4 49. Re8+ Kg7 1/2-1/2

[Event "DEM U14 2004"]
[Site "Willingen GER"]
[Date "2004.06.01"]
[Round "5"]
[White "Schneider, David"]
[Black "Kalisch, Michael"]
[Result "1-0"]
[Termination "normal"]
[Board "11"]
[WhiteElo "2080"]
[BlackElo "1576"]
[PlyCount "63"]
[WhiteFideId "4697111"]
[EventCountry "GER"]
[EventRounds "9"]
[EventType "swiss"]
[EventDate "2004.05.29"]

1. e4 c6 2. d4 d5 3. exd5 cxd5 4. c4 Nf6 5. Nc3 e6 6. Nf3 Qb6 7. c5 Qc7 8. Nb5
Qd8 9. Bf4 Na6 10. Be2 Be7 11. b4 O-O 12. Qb3 Bd7 13. Nd6 Bxd6 14. Bxd6 Re8 15.
O-O Ne4 16. Bf4 Nc7 17. b5 b6 18. Rfc1 g5 19. cxb6 gxf4 20. bxc7 Qe7 21. Ne5
Rec8 22. Rc2 Nf6 23. a4 Ne8 24. Rac1 Qd6 25. Nxd7 Qxd7 26. b6 axb6 27. Qxb6
Nxc7 28. Ba6 Qxa4 29. Bb5 Qb4 30. Qc5 Qxc5 31. Rxc5 Ne8 32. Bxe8 1-0

[Event "DEM U14 2004"]
[Site "Willingen GER"]
[Date "2004.06.01"]
[Round "5"]
[White "Bastian, Ruben"]
[Black "Kölsch, Maximilian"]
[Result "1-0"]
[Termination "normal"]
[Board "12"]
[WhiteElo "1421"]
[BlackElo "1867"]
[PlyCount "73"]
[BlackFideId "24618462"]
[EventCountry "GER"]
[EventRounds "9"]
[EventType "swiss"]
[EventDate "2004.05.29"]

1. e4 c5 2. Nc3 e6 3. g3 Nc6 4. Bg2 g6 5. d3 Bg7 6. Nge2 Nge7 7. O-O O-O 8. Be3
d6 9. Qd2 Re8 10. Nd1 Nd4 11. c3 Nxe2+ 12. Qxe2 Nc6 13. f4 Qc7 14. Qd2 Bd7 15.
d4 Na5 16. Bf2 e5 17. dxc5 dxc5 18. Kh1 Rad8 19. Qe3 b6 20. Qe2 Be6 21. Ne3 f5
22. exf5 gxf5 23. fxe5 Qxe5 24. Rfe1 Qb8 25. Rad1 Bxa2 26. Rxd8 Qxd8 27. b4 Bc4
28. Qc2 Bb3 29. Qb1 Qd2 30. Kg1 Ba2 31. Rd1 Qxf2+ 32. Kxf2 Bxb1 33. Rxb1 cxb4
34. cxb4 Bd4 35. Re1 Nc4 36. Bd5+ Kg7 37. Bxc4 1-0

[Event "DEM U14 2004"]
[Site "Willingen GER"]
[Date "2004.06.01"]
[Round "5"]
[White "Wall, Henrik"]
[Black "Trapp, Maximilian"]
[Result "1-0"]
[Termination "normal"]
[Board "13"]
[WhiteElo "1712"]
[BlackElo "1820"]
[PlyCount "23"]
[WhiteFideId "24614033"]
[EventCountry "GER"]
[EventRounds "9"]
[EventType "swiss"]
[EventDate "2004.05.29"]

1. e4 d5 2. exd5 Qxd5 3. Nc3 Qa5 4. Bc4 Nf6 5. d3 c6 6. Bd2 Qc7 7. Qe2 Bf5 8.
Nf3 e6 9. Nd4 Bg6 10. Bxe6 fxe6 11. Nxe6 Qe7 12. Nc7+ 1-0

[Event "DEM U14 2004"]
[Site "Willingen GER"]
[Date "2004.06.01"]
[Round "5"]
[White "Szczap, Arthur"]
[Black "Laqua, Stefan"]
[Result "1-0"]
[Termination "normal"]
[Board "14"]
[WhiteElo "1497"]
[BlackElo "1241"]
[PlyCount "39"]
[WhiteFideId "24637394"]
[BlackFideId "4674634"]
[EventCountry "GER"]
[EventRounds "9"]
[EventType "swiss"]
[EventDate "2004.05.29"]

1. e4 e6 2. d4 d5 3. exd5 exd5 4. Bd3 Bd6 5. Nf3 Bg4 6. c3 Nd7 7. O-O c6 8.
Re1+ Ne7 9. Bg5 f6 10. Bh4 Qc7 11. Bg3 Bxg3 12. fxg3 Qd6 13. Qe2 Nf8 14. Nbd2
Kd7 15. Nb3 b6 16. Ne5+ fxe5 17. Qxg4+ Ne6 18. Rxe5 Rae8 19. Rae1 Nc8 20. Bf5
1-0

[Event "DEM U14 2004"]
[Site "Willingen GER"]
[Date "2004.06.02"]
[Round "6"]
[White "Geske, Julian"]
[Black "Lubbe, Nikolas"]
[Result "1/2-1/2"]
[Termination "normal"]
[Board "1"]
[WhiteElo "1940"]
[BlackElo "2109"]
[PlyCount "112"]
[WhiteFideId "24605263"]
[BlackFideId "4694031"]
[EventCountry "GER"]
[EventRounds "9"]
[EventType "swiss"]
[EventDate "2004.05.29"]

1. e4 c5 2. Nf3 Nc6 3. d4 cxd4 4. Nxd4 Nf6 5. Nc3 e5 6. Ndb5 d6 7. Nd5 Nxd5 8.
exd5 Ne7 9. c3 Nf5 10. Bd3 a6 11. Na3 Be7 12. Nc4 b5 13. Nd2 O-O 14. O-O Nh4
15. Nb3 f5 16. f4 Ng6 17. g3 Bf6 18. a4 e4 19. Be2 bxa4 20. Rxa4 Ne7 21. Nd4
Kh8 22. Bc4 Bd7 23. Rxa6 Rxa6 24. Bxa6 Nxd5 25. Bc4 Ne7 26. Be3 Qc7 27. Bb3 Rb8
28. Rf2 d5 29. Ba2 Ra8 30. Bb1 Qb7 31. Qc1 Nc6 32. Rd2 Nxd4 33. Bxd4 Bxd4+ 34.
Rxd4 Bb5 35. Bc2 Bc4 36. Kh1 g6 37. b3 Be2 38. Bd1 Bd3 39. Bc2 Bxc2 40. Qxc2
Ra3 41. c4 Qxb3 42. Qxb3 Rxb3 43. Rxd5 Rc3 44. c5 Kg7 45. Kg2 Kf6 46. Re5 Rc2+
47. Kg1 Rd2 48. Kh1 Rd7 49. Kg2 Re7 50. Rd5 Kf7 51. Re5 Ke8 52. g4 Rxe5 53.
fxe5 fxg4 54. Kf2 h5 55. Ke3 h4 56. Kxe4 g5 1/2-1/2

[Event "DEM U14 2004"]
[Site "Willingen GER"]
[Date "2004.06.02"]
[Round "6"]
[White "Savchenko, Aleksij"]
[Black "Tereick, Benjamin"]
[Result "0-1"]
[Termination "normal"]
[Board "2"]
[WhiteElo "1844"]
[BlackElo "2090"]
[PlyCount "62"]
[WhiteFideId "24611727"]
[BlackFideId "24607541"]
[EventCountry "GER"]
[EventRounds "9"]
[EventType "swiss"]
[EventDate "2004.05.29"]

1. d4 e6 2. Nf3 f5 3. d5 Nf6 4. dxe6 d5 5. Bf4 Bd6 6. Bxd6 Qxd6 7. e3 Bxe6 8.
Bd3 O-O 9. O-O Nbd7 10. Nc3 Nc5 11. Nb5 Qb6 12. Nfd4 Bd7 13. a4 Nxa4 14. Rxa4
c5 15. Bxf5 Bxf5 16. Nxf5 Qxb5 17. Ra1 Qxb2 18. Ne7+ Kh8 19. Rb1 Qe5 20. Rxb7
Qe6 21. Qf3 Rf7 22. Nxd5 Rxb7 23. Nxf6 Rab8 24. Ne4 Rb1 25. Nd2 R1b2 26. Rc1
Rd8 27. Nb3 Qc4 28. Rd1 Rxd1+ 29. Qxd1 Rxc2 30. Qd8+ Qg8 31. Qd3 Qxb3 0-1

[Event "DEM U14 2004"]
[Site "Willingen GER"]
[Date "2004.06.02"]
[Round "6"]
[White "Beck, Frederik"]
[Black "Müller, Reinhold"]
[Result "1/2-1/2"]
[Termination "normal"]
[Board "3"]
[WhiteElo "2095"]
[BlackElo "2035"]
[PlyCount "30"]
[WhiteFideId "4687388"]
[BlackFideId "24605875"]
[EventCountry "GER"]
[EventRounds "9"]
[EventType "swiss"]
[EventDate "2004.05.29"]

1. e4 e6 2. d4 d5 3. exd5 exd5 4. Nf3 Bd6 5. Bd3 Nf6 6. O-O O-O 7. Bg5 Bg4 8.
h3 Bh5 9. Nbd2 c6 10. c3 Nbd7 11. Qc2 Qc7 12. Rfe1 Bg6 13. Bxg6 hxg6 14. Re2
Rfe8 15. Rae1 Kf8 1/2-1/2

[Event "DEM U14 2004"]
[Site "Willingen GER"]
[Date "2004.06.02"]
[Round "6"]
[White "Alsheimer, Christoph"]
[Black "Seyb, Alexander"]
[Result "1/2-1/2"]
[Termination "normal"]
[Board "4"]
[WhiteElo "2057"]
[BlackElo "1973"]
[PlyCount "74"]
[WhiteFideId "24605433"]
[BlackFideId "4699033"]
[EventCountry "GER"]
[EventRounds "9"]
[EventType "swiss"]
[EventDate "2004.05.29"]

1. d4 d6 2. e4 g6 3. Nc3 Bg7 4. f4 a6 5. Nf3 Nd7 6. Bc4 e6 7. a4 Ne7 8. O-O O-O
9. Bb3 b6 10. Ng5 h6 11. Nf3 c6 12. Be3 Qc7 13. Qd2 d5 14. e5 c5 15. g4 Kh7 16.
Ne2 f5 17. exf6 Nxf6 18. Ne5 Ne4 19. Qe1 cxd4 20. Bxd4 Nc6 21. Nxc6 Qxc6 22.
Bxg7 Kxg7 23. Ng3 Qc5+ 24. Kg2 Bb7 25. Nxe4 dxe4 26. Kh3 e5 27. Rd1 Bc6 28. f5
Rf6 29. Qc3 Qxc3+ 30. bxc3 Raf8 31. a5 gxf5 32. gxf5 Rxf5 33. Rg1+ Kh7 34. axb6
Rh5+ 35. Kg4 Rf4+ 36. Kg3 Rg5+ 37. Kh3 Rh5+ 1/2-1/2

[Event "DEM U14 2004"]
[Site "Willingen GER"]
[Date "2004.06.02"]
[Round "6"]
[White "Paul, Johannes"]
[Black "Baldauf, Marco"]
[Result "0-1"]
[Termination "normal"]
[Board "5"]
[WhiteElo "1713"]
[BlackElo "2185"]
[PlyCount "86"]
[WhiteFideId "24622087"]
[BlackFideId "4688210"]
[EventCountry "GER"]
[EventRounds "9"]
[EventType "swiss"]
[EventDate "2004.05.29"]

1. c4 c5 2. g3 Nf6 3. Bg2 d5 4. cxd5 Nxd5 5. Nc3 Nc7 6. Nf3 Nc6 7. O-O e5 8. d3
Be7 9. Bd2 O-O 10. a3 Be6 11. Rb1 f6 12. Ne4 Qd7 13. b4 cxb4 14. axb4 Nb5 15.
Qa4 Nbd4 16. Nxd4 Nxd4 17. Qd1 Rfc8 18. Nc3 Rab8 19. f4 Bg4 20. Rf2 exf4 21.
Bxf4 Bd6 22. Bxd6 Qxd6 23. Ne4 Qe7 24. h3 Bh5 25. g4 Bf7 26. e3 Nb5 27. Qd2 Nd6
28. Rbf1 h6 29. Ra1 a6 30. Ra5 Rd8 31. Nxd6 Qxd6 32. d4 Rd7 33. h4 Qg3 34. g5
hxg5 35. hxg5 fxg5 36. Rff5 Re8 37. Rxg5 Qxe3+ 38. Qxe3 Rxe3 39. Bxb7 Rxb7 40.
Rxa6 Rxb4 41. d5 Rd3 42. Ra8+ Kh7 43. Ra7 Rxd5 0-1

[Event "DEM U14 2004"]
[Site "Willingen GER"]
[Date "2004.06.02"]
[Round "6"]
[White "Rudolf, Sebastian"]
[Black "Schneider, David"]
[Result "0-1"]
[Termination "normal"]
[Board "6"]
[WhiteElo "1926"]
[BlackElo "2080"]
[PlyCount "94"]
[WhiteFideId "24609390"]
[BlackFideId "4697111"]
[EventCountry "GER"]
[EventRounds "9"]
[EventType "swiss"]
[EventDate "2004.05.29"]

1. e4 e5 2. Nf3 Nf6 3. Nxe5 d6 4. Nf3 Nxe4 5. Nc3 Nxc3 6. dxc3 Be7 7. Bf4 O-O
8. Qd2 Bf6 9. O-O-O Nc6 10. h4 Bg4 11. Be2 Re8 12. Nd4 Bxe2 13. Nxe2 Qd7 14. f3
Qe6 15. Nd4 Bxd4 16. cxd4 Qxa2 17. Qc3 Re2 18. b3 Nb4 19. Bd2 Nd5 20. Qb2 Qxb2+
21. Kxb2 Rxg2 22. Rhg1 Rxg1 23. Rxg1 Kf8 24. c4 Nf6 25. Kc3 Re8 26. Kd3 Nh5 27.
Rg5 g6 28. Rg1 f6 29. b4 a6 30. Rg2 Ng7 31. Be3 Nf5 32. Bf2 Kf7 33. Rg1 h6 34.
c5 d5 35. Rb1 c6 36. Rg1 g5 37. h5 Ng7 38. Rh1 Ra8 39. Be1 f5 40. f4 g4 41. Bd2
Re8 42. Be3 Re4 43. Rh2 Ne6 44. Rf2 Ng7 45. Rh2 g3 46. Rh3 g2 47. Rg3 Nxh5 0-1

[Event "DEM U14 2004"]
[Site "Willingen GER"]
[Date "2004.06.02"]
[Round "6"]
[White "Dinger, Florian"]
[Black "Völbel, Patrick"]
[Result "1-0"]
[Termination "normal"]
[Board "7"]
[WhiteElo "2070"]
[BlackElo "1867"]
[PlyCount "93"]
[WhiteFideId "24605573"]
[BlackFideId "24622583"]
[EventCountry "GER"]
[EventRounds "9"]
[EventType "swiss"]
[EventDate "2004.05.29"]

1. e4 c5 2. Nf3 e6 3. d4 cxd4 4. Nxd4 a6 5. Bd3 Nf6 6. O-O d6 7. c4 b6 8. Nc3
Bb7 9. Qe2 Nbd7 10. Bd2 Qc7 11. f3 Be7 12. Rfc1 O-O 13. a4 Rfe8 14. Be3 Rac8
15. a5 bxa5 16. Nb3 Nc5 17. Nxa5 Nfd7 18. Bc2 Bf6 19. Qd2 Nb6 20. Ra2 Red8 21.
b4 Ncd7 22. Bb3 Ne5 23. Ne2 Be7 24. Bd4 Nc6 25. Nxc6 Qxc6 26. Qc3 e5 27. Be3
Qc7 28. Qe1 Nd7 29. Nc3 h6 30. h4 Rf8 31. Qf2 Kh8 32. b5 Ra8 33. g3 f5 34. Nd5
Bxd5 35. cxd5 Qb7 36. b6 Rfc8 37. Rc6 Nc5 38. Bxc5 dxc5 39. Ba4 Rab8 40. Rb2
fxe4 41. fxe4 Rf8 42. Qe3 Rbc8 43. d6 Rxc6 44. dxe7 Re8 45. Bxc6 Qxc6 46. b7
Qd6 47. Qb3 1-0

[Event "DEM U14 2004"]
[Site "Willingen GER"]
[Date "2004.06.02"]
[Round "6"]
[White "Zehnter, Sebastian"]
[Black "Wapenhans, Alexander"]
[Result "1-0"]
[Termination "normal"]
[Board "8"]
[WhiteElo "1987"]
[BlackElo "1655"]
[PlyCount "81"]
[WhiteFideId "24608670"]
[BlackFideId "24622630"]
[EventCountry "GER"]
[EventRounds "9"]
[EventType "swiss"]
[EventDate "2004.05.29"]

1. e4 d5 2. exd5 Qxd5 3. Nc3 Qa5 4. d4 c6 5. Bc4 Bf5 6. Bd2 e6 7. d5 cxd5 8.
Nxd5 Qd8 9. Qe2 Nf6 10. Nxf6+ Qxf6 11. O-O-O Nc6 12. Bc3 Qg6 13. Nf3 Be7 14.
Bb5 O-O 15. Bxc6 bxc6 16. Ne5 Qg5+ 17. Kb1 Bf6 18. f3 h5 19. g3 Bxe5 20. Bxe5
f6 21. h4 Qg6 22. Bd6 Rfd8 23. Rhg1 e5 24. g4 hxg4 25. fxg4 Be6 26. g5 fxg5 27.
Rxg5 Bxa2+ 28. Ka1 Qe6 29. Bxe5 Rxd1+ 30. Qxd1 g6 31. h5 Kf8 32. hxg6 Bd5 33.
Qh5 Rd8 34. Qh8+ Qg8 35. Qf6+ Ke8 36. Bd6 Qe6 37. Re5 Rxd6 38. g7 Kd7 39. Rxe6
Rxe6 40. Qf5 Kd6 41. Qxd5+ 1-0